| 000 | 00391 a2200157 4500 | ||
|---|---|---|---|
| 001 | 58732 | ||
| 020 | _a8535702628 | ||
| 040 | _cAnchieta - Pituba | ||
| 100 | _aCarmo, Sonia Irene Silva do | ||
| 240 | 1 | 0 |
_aDa pré-história à sociedade freudal _lpor |
| 245 | 1 | 0 | _aDa pré-história à sociedade freudal |
| 300 | _a224/31 | ||
| 362 | 0 | _a2002 | |
| 650 | 4 | _aHistória do mundo | |
| 942 | _cBK | ||
| 999 |
_c58732 _d58732 |
||